Diper overlode / (Record no. 48692)
| 000 -LEADER | |
|---|---|
| fixed length control field | 00357nam a2200133 4500 |
| 020 ## - INTERNATIONAL STANDARD BOOK NUMBER | |
| International Standard Book Number | 9781419767746 |
| 100 ## - MAIN ENTRY--PERSONAL NAME | |
| Personal name | Kinney, Jeff. |
| 245 ## - TITLE STATEMENT | |
| Title | Diper overlode / |
| Statement of responsibility, etc | Jeff Kinney. |
| 260 ## - PUBLICATION, DISTRIBUTION, ETC. (IMPRINT) | |
| Place of publication, distribution, etc | New York: |
| Name of publisher, distributor, etc | Amulet Books; |
| Date of publication, distribution, etc | 2022. |
| 300 ## - PHYSICAL DESCRIPTION | |
| Extent | 217 p. |
| Other physical details | ill. |
| Dimensions | 20 cm. |
| 490 ## - SERIES STATEMENT | |
| Series statement | Diary of a wimpy kid; Bk.17 |
| 650 ## - SUBJECT ADDED ENTRY--TOPICAL TERM | |
| Topical term or geographic name as entry element | Comic strips. |
| 9 (RLIN) | 85627 |
| 942 ## - ADDED ENTRY ELEMENTS (KOHA) | |
| Source of classification or shelving scheme | |
| Koha item type | J FIC BOOKS |
| Withdrawn status | Lost status | Source of classification or shelving scheme | Damaged status | Not for loan | Collection code | Home library | Current library | Shelving location | Date acquired | Total Checkouts | Total Renewals | Full call number | Barcode | Checked out | Date last seen | Date checked out | Price effective from | Koha item type |
|---|---|---|---|---|---|---|---|---|---|---|---|---|---|---|---|---|---|---|
| SECONDARY | Asian Hope Secondary Library | Asian Hope Secondary Library | Junior Fiction | 03/21/2025 | 16 | 1 | J FIC KIN | 208448 | 06/19/2026 | 04/20/2026 | 04/20/2026 | 03/21/2025 | J FIC BOOKS | |||||
| SECONDARY | Asian Hope Secondary Library | Asian Hope Secondary Library | Junior Fiction | 10/23/2025 | 8 | J FIC KIN | 208760 | 04/28/2026 | 04/21/2026 | 04/21/2026 | 10/23/2025 | J FIC BOOKS |